000
00458nam a2200145Ia 4500
008
090124s9999 xx 000 0 und d
082
_b
33573
245
_a
माझी जमीन माझी मिळकत
250
_a
1
260
_b
डावखर संपत
_c
2006
300
_a
124
630
_a
माझी जमीन माझी मिळकत
730
_a
माझी जमीन माझी मिळकत
942
_c
BOOK
999
_c
181096
_d
181096